[Event "LSS ZN-2022-0-04456"]
[Site "LSS email"]
[Date "2022.12.10"]
[Round "?"]
[White "Amuso, Jose Alberto"]
[Black "Ventura, Bob"]
[Result "0-1"]
[WhiteElo "635"]
[BlackElo "806"]
[PlyCount "70"]
[EventDate "2022.11.28"]
[EventType "match (corr)"]
[EventRounds "2"]
[EventCountry "GER"]
[SourceTitle "Corr 2024"]
[Source "ChessBase"]
[SourceDate "2023.10.19"]
[SourceVersion "1"]
[SourceVersionDate "2023.10.19"]
[SourceQuality "1"]

1. Nf3 Nc6 2. Nc3 d5 3. e3 e5 4. Bb5 Nf6 5. d4 e4 6. Ne5 Bd7 7. Nxd7 Qxd7 8. 0-0 Bd6 9. f3 a6 10. Ba4 0-0-0 11. f4 h6 12. Bb3 Kb8 13. Nxd5 Na5 14. Nxf6 gxf6 15. c3 Rdg8 16. Bc2 f5 17. b4 Nc4 18. Bb3 Nb6 19. a3 Qe7 20. Qh5 Rg7 21. Rf2 Qf6 22. Bd2 Rhg8 23. g3 Rg4 24. Qh3 Rh8 25. c4 Be7 26. Bd1 Rg7 27. Qf1 h5 28. Rc1 h4 29. c5 Nd5 30. Rg2 hxg3 31. hxg3 Rh3 32. Kf2 Qg6 33. c6 Rxg3 34. Rh2 Rg1 35. Qc4 Qg3+ 0-1

[Event "OP-2022-0-05325"]
[Site "LSS email"]
[Date "2022.09.18"]
[Round "?"]
[White "Van Esbroeck, Jeff"]
[Black "Amuso, Jose Alberto"]
[Result "0-1"]
[WhiteElo "457"]
[BlackElo "663"]
[PlyCount "30"]
[EventDate "2022.09.01"]
[EventType "tourn (corr)"]
[EventRounds "4"]
[EventCountry "GER"]
[SourceTitle "Corr 2024"]
[Source "ChessBase"]
[SourceDate "2023.10.19"]
[SourceVersion "1"]
[SourceVersionDate "2023.10.19"]
[SourceQuality "1"]

1. d4 d5 2. Nc3 c6 3. Nf3 e6 4. e3 Nf6 5. Bd3 Bb4 6. 0-0 Bxc3 7. bxc3 b6 8. Bb2 0-0 9. Ne5 c5 10. Ba3 Qc7 11. Ng4 Nxg4 12. g3 Nd7 13. Qxg4 f5 14. Qe2 Rf7 15. c4 Bb7 0-1

[Event "LSS No Engine Cup 227 Preliminary 0"]
[Site "LSS email"]
[Date "2022.05.26"]
[Round "?"]
[White "Amuso, Jose Alberto"]
[Black "Csoma, Robert"]
[Result "0-1"]
[WhiteElo "1320"]
[BlackElo "1324"]
[PlyCount "66"]
[EventDate "2022.05.26"]
[EventType "tourn (corr)"]
[EventRounds "6"]
[EventCountry "GER"]
[SourceTitle "Corr 2024"]
[Source "ChessBase"]
[SourceDate "2023.10.19"]
[SourceVersion "1"]
[SourceVersionDate "2023.10.19"]
[SourceQuality "1"]

1. b3 d5 2. Bb2 Nc6 3. e3 e5 4. Bb5 Bd6 5. d4 e4 6. f3 Nf6 7. Bxc6+ bxc6 8. Nd2 0-0 9. fxe4 Nxe4 10. Nxe4 dxe4 11. Ne2 Bg4 12. h3 Bh5 13. g4 Bg6 14. 0-0 c5 15. dxc5 Bxc5 16. Nd4 Qd6 17. a3 Qg3+ 18. Kh1 Qxh3+ 19. Kg1 Qxe3+ 20. Kg2 Rad8 21. Qe1 Bxd4 22. Qxe3 Bxe3 23. Rae1 Bd2 24. Re2 e3 25. c3 Bd3 26. Rfe1 Bxe2 27. Rxe2 Rd3 28. Kf3 Bxc3 29. Bxc3 Rxc3 30. Rxe3 Rxe3+ 31. Kxe3 Re8+ 32. Kd4 g6 33. a4 h5 0-1

[Event "OP-2022-0-05288"]
[Site "LSS email"]
[Date "2022.05.19"]
[Round "?"]
[White "Amuso, Jose Alberto"]
[Black "Siger, Csaba"]
[Result "0-1"]
[WhiteElo "695"]
[BlackElo "2033"]
[PlyCount "40"]
[EventDate "2022.05.10"]
[EventType "tourn (corr)"]
[EventRounds "4"]
[EventCountry "GER"]
[SourceTitle "Corr 2024"]
[Source "ChessBase"]
[SourceDate "2023.10.19"]
[SourceVersion "1"]
[SourceVersionDate "2023.10.19"]
[SourceQuality "1"]

1. b3 d5 2. Bb2 Bg4 3. h3 Bh5 4. g3 c6 5. d3 f6 6. Nd2 e5 7. g4 Bf7 8. Ngf3 Bd6 9. Bg2 Nd7 10. e3 h5 11. e4 Ne7 12. c4 Bb4 13. a3 Bxd2+ 14. Qxd2 hxg4 15. hxg4 Rxh1+ 16. Bxh1 dxe4 17. 0-0-0 Nc5 18. Qc3 exf3 19. Bxf3 Qd4 20. Qxd4 Nxb3+ 0-1

[Event "LSS ZN-2022-0-04369"]
[Site "LSS email"]
[Date "2022.01.05"]
[Round "?"]
[White "Ducharme, Steven"]
[Black "Amuso, Jose Alberto"]
[Result "0-1"]
[WhiteElo "607"]
[BlackElo "694"]
[PlyCount "48"]
[EventDate "2021.12.28"]
[EventType "match (corr)"]
[EventRounds "2"]
[EventCountry "GER"]
[SourceTitle "Corr 2024"]
[Source "ChessBase"]
[SourceDate "2023.10.19"]
[SourceVersion "1"]
[SourceVersionDate "2023.10.19"]
[SourceQuality "1"]

1. c4 c5 2. g3 Nc6 3. Bg2 e6 4. Nc3 Nf6 5. Nf3 Be7 6. d4 cxd4 7. Nxd4 e5 8. Ndb5 a6 9. Nd6+ Bxd6 10. Qxd6 Qe7 11. Qxe7+ Nxe7 12. 0-0 d5 13. Nxd5 Nexd5 14. cxd5 e4 15. Bg5 Nxd5 16. Bxe4 Be6 17. Bxd5 Bxd5 18. Rfd1 Bc6 19. Rd6 f6 20. Be3 0-0 21. Rad1 Kf7 22. Bb6 Rfe8 23. Rd8 Raxd8 24. Rxd8 Rxe2 0-1

[Event "OP-2021-0-05219"]
[Site "LSS email"]
[Date "2021.11.25"]
[Round "?"]
[White "Amuso, Jose Alberto"]
[Black "Roe, Philip"]
[Result "0-1"]
[WhiteElo "723"]
[BlackElo "1434"]
[PlyCount "50"]
[EventDate "2021.11.24"]
[EventType "tourn (corr)"]
[EventRounds "4"]
[EventCountry "GER"]
[SourceTitle "Corr 2024"]
[Source "ChessBase"]
[SourceDate "2023.10.19"]
[SourceVersion "1"]
[SourceVersionDate "2023.10.19"]
[SourceQuality "1"]

1. e4 e6 2. d4 d5 3. e5 c5 4. c3 Nc6 5. Be3 Nge7 6. Bb5 Nf5 7. Nf3 Bd7 8. Bxc6 bxc6 9. Nbd2 cxd4 10. cxd4 c5 11. Bg5 Qb6 12. dxc5 Bxc5 13. 0-0 h6 14. Bh4 g5 15. Bg3 Bb5 16. a4 Bxf1 17. a5 Qxb2 18. Kxf1 0-0 19. h3 Nxg3+ 20. fxg3 Rab8 21. a6 Rfc8 22. g4 Be3 23. Ke2 Bxd2 24. Nxd2 Rc2 25. Rc1 Rxc1 0-1

[Event "LSS No Engine Cup 216 Preliminary 0"]
[Site "LSS email"]
[Date "2021.04.11"]
[Round "?"]
[White "Amuso, Jose Alberto"]
[Black "Neumann, Otto"]
[Result "1-0"]
[WhiteElo "1350"]
[BlackElo "1171"]
[PlyCount "20"]
[EventDate "2021.04.11"]
[EventType "tourn (corr)"]
[EventRounds "6"]
[EventCountry "GER"]
[SourceTitle "Corr 2024"]
[Source "ChessBase"]
[SourceDate "2023.10.19"]
[SourceVersion "1"]
[SourceVersionDate "2023.10.19"]
[SourceQuality "1"]

1. e4 c5 2. Nf3 Nc6 3. Bb5 e6 4. Bxc6 bxc6 5. 0-0 Ne7 6. d3 Ng6 7. c4 Be7 8. Nc3 0-0 9. Be3 d6 10. Qa4 Bb7 1-0

[Event "OP-2020-0-05026"]
[Site "LSS email"]
[Date "2020.09.25"]
[Round "?"]
[White "Molina, Vicente Andres"]
[Black "Amuso, Jose Alberto"]
[Result "1-0"]
[WhiteElo "601"]
[BlackElo "725"]
[PlyCount "57"]
[EventDate "2020.09.25"]
[EventType "tourn (corr)"]
[EventRounds "4"]
[EventCountry "GER"]
[SourceTitle "Corr 2022"]
[Source "ChessBase"]
[SourceDate "2021.10.24"]
[SourceVersion "1"]
[SourceVersionDate "2021.10.24"]
[SourceQuality "1"]

1. e4 e6 2. d4 d5 3. Nd2 Bb4 4. c3 Ba5 5. Bd3 Nf6 6. Ne2 c6 7. e5 Nfd7 8. 0-0 c5 9. Bc2 Nc6 10. Ng3 cxd4 11. Nb3 Bb6 12. cxd4 f6 13. Re1 0-0 14. Qd3 fxe5 15. Qxh7+ Kf7 16. Bg6+ Ke7 17. Qxg7+ Kd6 18. dxe5+ Kc7 19. Bh5 Bxf2+ 20. Kh1 Bxe1 21. Bg5 Bxg3 22. Bxd8+ Nxd8 23. hxg3 b6 24. Rc1+ Nc6 25. Nd4 Kb8 26. Nxc6+ Kb7 27. Kg1 Rf5 28. Ne7 Rxh5 29. Nxc8 1-0

[Event "OP-2019-0-04882"]
[Site "LSS email"]
[Date "2019.11.27"]
[Round "?"]
[White "Puertas, Francisco Javier"]
[Black "Amuso, Jose Alberto"]
[Result "1-0"]
[WhiteElo "800"]
[BlackElo "817"]
[PlyCount "35"]
[EventDate "2019.11.24"]
[EventType "tourn (corr)"]
[EventRounds "4"]
[EventCountry "GER"]
[SourceTitle "Corr 2022"]
[Source "ChessBase"]
[SourceDate "2021.10.24"]
[SourceVersion "1"]
[SourceVersionDate "2021.10.24"]
[SourceQuality "1"]

1. c4 e5 2. Nc3 Nf6 3. Nf3 Nc6 4. e4 Bc5 5. Nxe5 Nxe5 6. d4 Bxd4 7. Qxd4 d6 8. Be2 h6 9. 0-0 c5 10. Qd2 0-0 11. Rd1 Ne8 12. b3 f5 13. Bb2 b6 14. Qd5+ Kh8 15. Qxa8 Qh4 16. Qxc8 fxe4 17. g3 Qh3 18. Qxh3 1-0

[Event "RN-2019-0-01578"]
[Site "LSS email"]
[Date "2019.11.17"]
[Round "?"]
[White "Amuso, Jose Alberto"]
[Black "Vontina, Maria"]
[Result "1-0"]
[WhiteElo "844"]
[BlackElo "770"]
[PlyCount "117"]
[EventDate "2019.11.03"]
[EventType "tourn (corr)"]
[EventRounds "6"]
[EventCountry "GER"]
[SourceTitle "Corr 2022"]
[Source "ChessBase"]
[SourceDate "2021.10.24"]
[SourceVersion "1"]
[SourceVersionDate "2021.10.24"]
[SourceQuality "1"]

1. e4 e6 2. d4 d5 3. e5 c5 4. Bb5+ Bd7 5. Bxd7+ Nxd7 6. dxc5 Nxc5 7. f4 Ne7 8. Nf3 Ng6 9. g3 Ne4 10. Nbd2 Nc5 11. 0-0 Be7 12. c3 0-0 13. Nb3 Ne4 14. Nfd2 Qb6+ 15. Kg2 Nc5 16. Qe2 Rad8 17. Qf2 Qc7 18. Nxc5 Rc8 19. Nxe6 fxe6 20. Qxa7 Qc6 21. Qf2 Nxe5 22. Qe2 d4+ 23. Qe4 Qxe4+ 24. Nxe4 dxc3 25. fxe5 Rxf1 26. Kxf1 cxb2 27. Bxb2 Rc2 28. Rb1 Rxh2 29. Kg1 Re2 30. Nd6 b6 31. Nc8 Bc5+ 32. Kf1 Rh2 33. Re1 Rxb2 34. Re2 Rxe2 35. Kxe2 Kf8 36. Kd3 Ke8 37. a4 Kd7 38. Na7 Kc7 39. Nb5+ Kc6 40. Ke4 Bf2 41. g4 g6 42. Na7+ Kc5 43. Nb5 h5 44. gxh5 gxh5 45. Nc7 Kb4 46. Nxe6 Kxa4 47. Nc7 Bc5 48. Ne6 Be7 49. Nf4 h4 50. e6 b5 51. Ng6 h3 52. Kf3 b4 53. Nxe7 b3 54. Nd5 b2 55. Nc3+ Kb3 56. e7 Kxc3 57. e8Q b1Q 58. Qe5+ Kb4 59. Qb8+ 1-0

[Event "SN-2019-0-01000"]
[Site "LSS email"]
[Date "2019.11.16"]
[Round "?"]
[White "Amuso, Jose Alberto"]
[Black "Martin, Hector Eduardo Lope"]
[Result "1/2-1/2"]
[WhiteElo "836"]
[BlackElo "1105"]
[PlyCount "63"]
[EventDate "2019.10.31"]
[EventType "tourn (corr)"]
[EventRounds "6"]
[EventCountry "GER"]
[SourceTitle "Corr 2022"]
[Source "ChessBase"]
[SourceDate "2021.10.24"]
[SourceVersion "1"]
[SourceVersionDate "2021.10.24"]
[SourceQuality "1"]

1. Nf3 Nc6 2. Nc3 e5 3. e4 Nf6 4. Bb5 a6 5. Bxc6 bxc6 6. Nxe5 c5 7. d3 Bd6 8. Nc4 Qe7 9. Bg5 Bb7 10. 0-0 h6 11. Bxf6 Qxf6 12. Nxd6+ Qxd6 13. Qg4 0-0 14. Rfe1 Rae8 15. Re3 Re5 16. Rg3 Rg5 17. Qf3 Rxg3 18. Qxg3 Qxg3 19. hxg3 Bc6 20. Ne2 g5 21. c4 f5 22. f3 d6 23. Nc3 Kg7 24. Ne2 h5 25. Nc3 Kf6 26. Nd5+ Bxd5 27. exd5 Re8 28. Kf2 g4 29. f4 a5 30. a4 Rb8 31. Rb1 Rb3 32. Ke2 1/2-1/2

[Event "RN-2019-0-01578"]
[Site "LSS email"]
[Date "2019.11.16"]
[Round "?"]
[White "Ducharme, Steven"]
[Black "Amuso, Jose Alberto"]
[Result "0-1"]
[WhiteElo "768"]
[BlackElo "844"]
[PlyCount "64"]
[EventDate "2019.11.03"]
[EventType "tourn (corr)"]
[EventRounds "6"]
[EventCountry "GER"]
[SourceTitle "Corr 2022"]
[Source "ChessBase"]
[SourceDate "2021.10.24"]
[SourceVersion "1"]
[SourceVersionDate "2021.10.24"]
[SourceQuality "1"]

1. Nf3 Nf6 2. g3 d5 3. Bg2 Nc6 4. d4 h6 5. 0-0 Bg4 6. h3 Bxf3 7. Bxf3 e5 8. dxe5 Nxe5 9. Bg2 c6 10. e3 Bb4 11. c3 Bc5 12. b4 Be7 13. a4 a6 14. Qc2 Nc4 15. Nd2 Nxd2 16. Bxd2 0-0 17. Rfe1 Re8 18. a5 Bd6 19. f4 Ne4 20. Bxe4 Rxe4 21. Kg2 g5 22. Re2 Qf6 23. Rf1 Qg6 24. f5 Qg7 25. f6 Qg6 26. Qd1 Be5 27. Ref2 Re8 28. g4 Bc7 29. Qf3 R8e6 30. Qf5 Qxf5 31. Rxf5 Be5 32. R1f3 Rc4 0-1

[Event "SN-2019-0-00994"]
[Site "LSS email"]
[Date "2019.10.27"]
[Round "?"]
[White "Amuso, Jose Alberto"]
[Black "Vontina, Maria"]
[Result "0-1"]
[WhiteElo "827"]
[BlackElo "761"]
[PlyCount "100"]
[EventDate "2019.09.19"]
[EventType "tourn (corr)"]
[EventRounds "6"]
[EventCountry "GER"]
[SourceTitle "Corr 2022"]
[Source "ChessBase"]
[SourceDate "2021.10.24"]
[SourceVersion "1"]
[SourceVersionDate "2021.10.24"]
[SourceQuality "1"]

1. Nf3 Nf6 2. Nc3 g6 3. d4 d5 4. Bg5 Bg7 5. e3 0-0 6. Be2 c6 7. 0-0 Nbd7 8. Bd3 Re8 9. Qc1 e5 10. dxe5 Nxe5 11. Nxe5 Rxe5 12. Bf4 Re8 13. Re1 Nh5 14. Ne2 Nxf4 15. Nxf4 Qb6 16. c3 Qc7 17. Qd2 Bd7 18. c4 dxc4 19. Bxc4 Bh6 20. Rad1 Rad8 21. Qc1 Bxf4 22. exf4 Bf5 23. Rxd8 Qxd8 24. Rxe8+ Qxe8 25. Qe3 Qxe3 26. fxe3 Be4 27. Kf2 Kf8 28. g4 h6 29. Ke2 Ke7 30. Bd3 Bxd3+ 31. Kxd3 Kd6 32. b4 b6 33. a4 f5 34. h3 Kd5 35. Kc3 Ke4 36. Kd2 c5 37. bxc5 bxc5 38. Ke2 c4 39. Kd2 a5 40. gxf5 gxf5 41. Kc3 Kxe3 42. Kxc4 Kxf4 43. Kb5 Ke5 44. Kxa5 f4 45. Kb5 f3 46. a5 f2 47. a6 f1Q+ 48. Kb6 Qb1+ 49. Ka5 Kd6 50. a7 Qb7 0-1

[Event "SN-2019-0-00994"]
[Site "LSS email"]
[Date "2019.10.27"]
[Round "?"]
[White "Digiglio, Rafael"]
[Black "Amuso, Jose Alberto"]
[Result "1-0"]
[WhiteElo "599"]
[BlackElo "827"]
[PlyCount "33"]
[EventDate "2019.09.19"]
[EventType "tourn (corr)"]
[EventRounds "6"]
[EventCountry "GER"]
[SourceTitle "Corr 2022"]
[Source "ChessBase"]
[SourceDate "2021.10.24"]
[SourceVersion "1"]
[SourceVersionDate "2021.10.24"]
[SourceQuality "1"]

1. c4 Nf6 2. Nc3 e5 3. Nf3 Nc6 4. g3 Bb4 5. Bg2 0-0 6. 0-0 e4 7. Ng5 Bxc3 8. bxc3 Re8 9. f3 exf3 10. Nxf3 Qe7 11. e3 Ne4 12. Nd4 d6 13. Nxc6 bxc6 14. Bxe4 Qxe4 15. Qa4 c5 16. Rf4 Qd3 17. Qxe8# 1-0

[Event "RN-2019-0-01572"]
[Site "LSS email"]
[Date "2019.10.20"]
[Round "?"]
[White "Amuso, Jose Alberto"]
[Black "Plastinin, Alexandr"]
[Result "1/2-1/2"]
[WhiteElo "834"]
[BlackElo "997"]
[PlyCount "45"]
[EventDate "2019.10.03"]
[EventType "tourn (corr)"]
[EventRounds "6"]
[EventCountry "GER"]
[SourceTitle "Corr 2022"]
[Source "ChessBase"]
[SourceDate "2021.10.24"]
[SourceVersion "1"]
[SourceVersionDate "2021.10.24"]
[SourceQuality "1"]

1. Nf3 d5 2. Nc3 Nf6 3. d4 e6 4. a3 c5 5. e3 Nc6 6. Bb5 Bd7 7. 0-0 cxd4 8. exd4 Be7 9. Bf4 0-0 10. Re1 a6 11. Bxc6 Bxc6 12. Ne5 Bd6 13. Nxc6 bxc6 14. Qd2 Bxf4 15. Qxf4 h6 16. Rab1 Rb8 17. Re3 Nd7 18. Rg3 Kh7 19. Qd6 Rc8 20. Re1 Nf6 21. Qe5 c5 22. dxc5 Rxc5 23. Qe2 1/2-1/2